000 00513nam a22001817a 4500
005 20160803112150.0
010 _aENG-115563
020 _a9788173819957
_c215.00
035 _aEN-99095
037 _bDBAD/PUB
082 _a485
100 _aDas,P.C.
245 _aQueen's english with word power :
_cby P.C. Das
260 _aNew Delhi
_bNew Central Book Agency
_c2016
270 _a8/1,Chintamoni Das Lane
_bKolkata
_e700009
300 _a462p.
_c24cm(pbk)
942 _2ddc
_cEN
_h485
_mDAS
999 _c101545
_d101545